000 00532nam a2200217Ia 4500
003 OSt
005 20220928151627.0
006 a|||||r|||| 00| 0
007 ta
008 220927b |||||||| |||| 00| 0 eng d
024 _a129193
037 _cTextual
040 _aSDCL
_cSDCL
_beng
041 _2eng
_aeng
082 _aP151x1,1,1, J3
100 _aDixit Appayya
_9517828
245 0 _aPrakrtamanidipa.
260 _c1953
942 _hP151x1,1,1, J3
_cTEXL
_2CC
999 _c852236
_d852236